[Event "DVM U14 2020"]
[Site "Willingen GER"]
[Date "2021.06.27"]
[Round "7"]
[White "Kaiser, Jason"]
[Black "Zimanovic, Leon Daniel"]
[Result "1-0"]
[Termination "normal"]
[Board "6.4"]
[WhiteElo "1479"]
[BlackElo "1386"]
[WhiteClock "00:29:27"]
[BlackClock "00:21:30"]
[WhiteTeam "SF Neuberg"]
[BlackTeam "SC Ostfildern 1952 e.V."]
[PlyCount "121"]
[WhiteFideId "16275187"]
[BlackFideId "16275063"]
[EventCountry "GER"]
[EventRounds "7"]
[EventType "team-swiss"]
[EventDate "2021.06.23"]

1. e4 {[%clk 1:30:56]} 1... e5 {[%clk 1:30:53]} 2. Nf3 {[%clk 1:31:12]} 2...
Nc6 {[%clk 1:31:02]} 3. Bc4 {[%clk 1:30:58]} 3... Bc5 {[%clk 1:30:26]} 4. c3 {
[%clk 1:29:52]} 4... Nf6 {[%clk 1:28:58]} 5. d3 {[%clk 1:29:42]} 5... h6 {
[%clk 1:28:36]} 6. Be3 {[%clk 1:29:18]} 6... Bb6 {[%clk 1:28:20]} 7. h3 { [%clk
1:28:21]} 7... d6 {[%clk 1:27:53]} 8. Nbd2 {[%clk 1:27:44]} 8... Na5 { [%clk
1:26:56]} 9. Bb3 {[%clk 1:26:27]} 9... Nxb3 {[%clk 1:26:14]} 10. axb3 { [%clk
1:26:15]} 10... O-O {[%clk 1:25:15]} 11. Bxb6 {[%clk 1:26:01]} 11... cxb6
{[%clk 1:24:40]} 12. O-O {[%clk 1:25:40]} 12... Be6 {[%clk 1:23:48]} 13. Re1 {
[%clk 1:23:00]} 13... Nd7 {[%clk 1:20:30]} 14. Nc4 {[%clk 1:17:33]} 14... Qe7 {
[%clk 1:17:32]} 15. d4 {[%clk 1:14:35]} 15... f6 {[%clk 1:15:32]} 16. d5 {
[%clk 1:13:12]} 16... Bf7 {[%clk 1:14:21]} 17. Nh4 {[%clk 1:12:22]} 17... g6 {
[%clk 1:04:14]} 18. Qg4 {[%clk 1:00:08]} 18... Kh7 {[%clk 1:02:18]} 19. Ne3 {
[%clk 0:52:11]} 19... Rg8 {[%clk 0:57:30]} 20. c4 {[%clk 0:40:56]} 20... Nc5 {
[%clk 0:55:22]} 21. Ra3 {[%clk 0:34:57]} 21... a6 {[%clk 0:47:58]} 22. b4 {
[%clk 0:32:09]} 22... Nd7 {[%clk 0:44:47]} 23. g3 {[%clk 0:25:56]} 23... a5 {
[%clk 0:38:31]} 24. Rea1 {[%clk 0:22:48]} 24... Qd8 {[%clk 0:34:20]} 25. Qf3 {
[%clk 0:21:25]} 25... Ra6 {[%clk 0:28:24]} 26. b3 {[%clk 0:16:31]} 26... Qa8 {
[%clk 0:27:11]} 27. Ng4 27... Kg7 {[%clk 0:24:33]} 28. Qe3 {[%clk 0:12:44]}
28... Rh8 {[%clk 0:24:18]} 29. Qd2 {[%clk 0:11:50]} 29... h5 {[%clk 0:20:50]}
30. Ne3 {[%clk 0:11:41]} 30... Qb8 {[%clk 0:16:19]} 31. bxa5 {[%clk 0:10:45]}
31... bxa5 {[%clk 0:15:42]} 32. Rxa5 {[%clk 0:10:24]} 32... Rxa5 { [%clk
0:14:45]} 33. Rxa5 {[%clk 0:10:09]} 33... Nc5 {[%clk 0:14:48]} 34. Qc2 { [%clk
0:09:50]} 34... b6 {[%clk 0:12:54]} 35. Ra1 {[%clk 0:08:32]} 35... Rc8 { [%clk
0:12:10]} 36. b4 {[%clk 0:07:24]} 36... Nb7 {[%clk 0:11:44]} 37. Qa4 { [%clk
0:06:51]} 37... Nd8 {[%clk 0:06:59]} 38. Qd7 {[%clk 0:05:02]} 38... Qc7 { [%clk
0:04:54]} 39. Ra7 {[%clk 0:04:32]} 39... Qb8 {[%clk 0:03:33]} 40. Ra1 { [%clk
0:03:56]} 40... Qc7 {[%clk 0:02:19]} 41. Qxc7 {[%clk 0:04:05]} 41... Rxc7
{[%clk 0:02:41]} 42. g4 {[%clk 0:01:36]} 42... Kh6 {[%clk 0:28:28]} 43. Nf3 {
[%clk 0:28:51]} 43... hxg4 {[%clk 0:26:22]} 44. Nxg4+ {[%clk 0:28:31]} 44...
Kg7 {[%clk 0:26:32]} 45. Nd2 {[%clk 0:28:31]} 45... f5 {[%clk 0:24:41]} 46.
exf5 {[%clk 0:27:18]} 46... gxf5 {[%clk 0:23:50]} 47. Ne3 {[%clk 0:26:43]}
47... f4 {[%clk 0:23:27]} 48. Nf5+ {[%clk 0:26:40]} 48... Kg6 {[%clk 0:20:50]}
49. Nxd6 {[%clk 0:26:47]} 49... Nb7 {[%clk 0:20:29]} 50. Nxf7 {[%clk 0:27:02]}
50... Kxf7 {[%clk 0:20:54]} 51. Ra7 {[%clk 0:27:21]} 51... Ke7 {[%clk 0:20:52]}
52. Ne4 {[%clk 0:27:11]} 52... Kd7 {[%clk 0:20:47]} 53. c5 {[%clk 0:26:53]}
53... Kc8 {[%clk 0:20:38]} 54. Ra8+ {[%clk 0:27:10]} 54... Kd7 {[%clk 0:20:26]}
55. Nf6+ {[%clk 0:27:19]} 55... Ke7 {[%clk 0:20:36]} 56. d6+ {[%clk 0:27:41]}
56... Nxd6 {[%clk 0:20:26]} 57. cxd6+ {[%clk 0:28:05]} 57... Kxd6 { [%clk
0:20:36]} 58. Ne8+ {[%clk 0:28:31]} 58... Kd7 {[%clk 0:20:49]} 59. Nxc7 { [%clk
0:28:55]} 59... Kxc7 {[%clk 0:21:09]} 60. Ra1 {[%clk 0:29:07]} 60... Kc6 {[%clk
0:21:30]} 61. h4 {[%clk 0:29:27]} 1-0

[Event "DVM U14 2020"]
[Site "Willingen GER"]
[Date "2021.06.27"]
[Round "7"]
[White "Elstner, Florian"]
[Black "Klaska, Philipp Leon"]
[Result "1/2-1/2"]
[Termination "normal"]
[Board "7.1"]
[WhiteElo "1526"]
[BlackElo "1755"]
[WhiteClock "00:06:40"]
[BlackClock "00:07:44"]
[WhiteTeam "Schachklub König Plauen"]
[BlackTeam "Düsseldorfer Schachverein 1854"]
[PlyCount "64"]
[WhiteFideId "16247264"]
[BlackFideId "16238044"]
[EventCountry "GER"]
[EventRounds "7"]
[EventType "team-swiss"]
[EventDate "2021.06.23"]

1. d4 {[%clk 1:30:58]} 1... Nf6 {[%clk 1:30:42]} 2. c4 {[%clk 1:31:21]} 2... e6
{[%clk 1:30:34]} 3. Nc3 {[%clk 1:31:45]} 3... Bb4 {[%clk 1:30:40]} 4. Qc2 {
[%clk 1:32:03]} 4... c5 {[%clk 1:30:34]} 5. e3 {[%clk 1:30:48]} 5... Nc6 {
[%clk 1:30:00]} 6. Nf3 {[%clk 1:30:35]} 6... O-O {[%clk 1:28:11]} 7. a3 { [%clk
1:30:00]} 7... cxd4 {[%clk 1:26:52]} 8. exd4 {[%clk 1:27:07]} 8... Bxc3+ {[%clk
1:24:58]} 9. bxc3 {[%clk 1:25:36]} 9... h6 {[%clk 1:23:55]} 10. Bd3 { [%clk
1:22:50]} 10... d5 {[%clk 1:20:03]} 11. cxd5 {[%clk 1:22:33]} 11... exd5 {[%clk
1:16:46]} 12. h3 {[%clk 1:19:30]} 12... Re8+ {[%clk 1:11:32]} 13. Be3 { [%clk
1:19:31]} 13... Be6 {[%clk 1:07:42]} 14. O-O {[%clk 1:17:25]} 14... Rc8 { [%clk
1:03:41]} 15. Rab1 {[%clk 1:15:45]} 15... Qd7 {[%clk 0:58:47]} 16. Bf4 { [%clk
1:09:31]} 16... Ne4 {[%clk 0:54:00]} 17. Bb5 {[%clk 0:55:41]} 17... a6 { [%clk
0:42:03]} 18. Ne5 {[%clk 0:51:09]} 18... Qc7 {[%clk 0:39:49]} 19. Bxc6 { [%clk
0:49:19]} 19... bxc6 {[%clk 0:38:51]} 20. Rfc1 {[%clk 0:33:28]} 20... Qa5
{[%clk 0:32:16]} 21. Nd3 {[%clk 0:28:03]} 21... c5 {[%clk 0:25:18]} 22. f3 {
[%clk 0:17:41]} 22... c4 {[%clk 0:23:24]} 23. Nf2 {[%clk 0:14:22]} 23... Nxf2 {
[%clk 0:19:07]} 24. Kxf2 {[%clk 0:14:13]} 24... Qxa3 {[%clk 0:17:19]} 25. Ra1 {
[%clk 0:13:40]} 25... Qe7 {[%clk 0:16:37]} 26. Rxa6 {[%clk 0:12:24]} 26... Ra8
{[%clk 0:14:30]} 27. Rca1 {[%clk 0:11:15]} 27... Qb7 {[%clk 0:09:24]} 28. Rxa8
{[%clk 0:09:27]} 28... Rxa8 {[%clk 0:09:35]} 29. Rxa8+ {[%clk 0:07:21]} 29...
Qxa8 {[%clk 0:09:50]} 30. Qb1 {[%clk 0:06:32]} 30... Qa3 {[%clk 0:08:07]} 31.
Qb8+ {[%clk 0:06:27]} 31... Kh7 {[%clk 0:07:35]} 32. Qb1+ {[%clk 0:06:40]}
32... Kg8 {[%clk 0:07:44]} 1/2-1/2

[Event "DVM U14 2020"]
[Site "Willingen GER"]
[Date "2021.06.27"]
[Round "7"]
[White "Dordevic, Tom"]
[Black "Melestean, Timur"]
[Result "1/2-1/2"]
[Termination "normal"]
[Board "7.2"]
[WhiteElo "1556"]
[BlackElo "1502"]
[WhiteClock "00:06:08"]
[BlackClock "00:13:01"]
[WhiteTeam "Düsseldorfer Schachverein 1854"]
[BlackTeam "Schachklub König Plauen"]
[PlyCount "70"]
[WhiteFideId "16260503"]
[BlackFideId "16280385"]
[EventCountry "GER"]
[EventRounds "7"]
[EventType "team-swiss"]
[EventDate "2021.06.23"]

1. e4 {[%clk 1:30:58]} 1... c6 {[%clk 1:30:55]} 2. d4 {[%clk 1:31:23]} 2... d5
{[%clk 1:31:02]} 3. exd5 {[%clk 1:31:49]} 3... cxd5 {[%clk 1:31:13]} 4. c4 {
[%clk 1:32:13]} 4... Nf6 {[%clk 1:31:15]} 5. Nc3 {[%clk 1:32:35]} 5... e6 {
[%clk 1:30:52]} 6. Nf3 {[%clk 1:32:49]} 6... Nc6 {[%clk 1:30:12]} 7. c5 { [%clk
1:33:00]} 7... b6 {[%clk 1:22:38]} 8. Bb5 {[%clk 1:33:03]} 8... Bd7 { [%clk
1:22:54]} 9. Bxc6 {[%clk 1:32:56]} 9... Bxc6 {[%clk 1:23:09]} 10. Ne5 { [%clk
1:33:00]} 10... Rc8 {[%clk 1:18:11]} 11. b4 {[%clk 1:31:07]} 11... bxc5 { [%clk
1:12:37]} 12. bxc5 {[%clk 1:31:26]} 12... Qc7 {[%clk 1:04:10]} 13. O-O { [%clk
1:29:08]} 13... Bxc5 {[%clk 0:51:29]} 14. Nxc6 {[%clk 1:23:09]} 14... Bb6
{[%clk 0:51:37]} 15. Nxa7 15... Qxa7 {[%clk 0:46:55]} 16. Nb5 {[%clk 1:22:04]}
16... Qd7 {[%clk 0:47:13]} 17. Qb3 {[%clk 1:15:00]} 17... O-O {[%clk 0:46:41]}
18. a4 {[%clk 1:06:11]} 18... Ra8 {[%clk 0:45:44]} 19. Bf4 {[%clk 0:55:00]}
19... h6 {[%clk 0:39:03]} 20. Rfd1 {[%clk 0:49:03]} 20... Rfc8 {[%clk 0:37:07]}
21. Rac1 {[%clk 0:35:03]} 21... Ba5 {[%clk 0:34:43]} 22. h3 {[%clk 0:34:07]}
22... Ne8 {[%clk 0:33:49]} 23. Qg3 {[%clk 0:29:46]} 23... h5 {[%clk 0:28:50]}
24. Qg5 {[%clk 0:22:13]} 24... g6 {[%clk 0:28:55]} 25. Rxc8 {[%clk 0:13:06]}
25... Rxc8 {[%clk 0:27:36]} 26. Be5 {[%clk 0:13:20]} 26... Bd8 {[%clk 0:27:17]}
27. Qh6 {[%clk 0:13:30]} 27... Bf6 {[%clk 0:27:24]} 28. Qf4 {[%clk 0:11:57]}
28... Bxe5 {[%clk 0:21:41]} 29. Qxe5 {[%clk 0:12:17]} 29... Ra8 {[%clk 0:21:47]
} 30. Ra1 {[%clk 0:11:48]} 30... Qc6 {[%clk 0:18:57]} 31. Qe3 {[%clk 0:10:11]}
31... Qc4 {[%clk 0:18:39]} 32. Qa3 {[%clk 0:08:43]} 32... Kg7 {[%clk 0:17:49]}
33. f3 {[%clk 0:08:04]} 33... Kf6 {[%clk 0:13:13]} 34. Qa2 {[%clk 0:06:42]}
34... Qb4 {[%clk 0:13:01]} 35. Qc2 {[%clk 0:06:08]} 35... Kg7 1/2-1/2

[Event "DVM U14 2020"]
[Site "Willingen GER"]
[Date "2021.06.27"]
[Round "7"]
[White "Bühring, Marwin"]
[Black "Krishnachandran, Srihari"]
[Result "1-0"]
[Termination "normal"]
[Board "7.3"]
[WhiteElo "1356"]
[BlackElo "1323"]
[WhiteClock "00:05:04"]
[BlackClock "00:39:52"]
[WhiteTeam "Schachklub König Plauen"]
[BlackTeam "Düsseldorfer Schachverein 1854"]
[PlyCount "130"]
[WhiteFideId "16281985"]
[BlackFideId "34605932"]
[EventCountry "GER"]
[EventRounds "7"]
[EventType "team-swiss"]
[EventDate "2021.06.23"]

1. e4 {[%clk 1:30:59]} 1... c5 {[%clk 1:30:51]} 2. Nc3 {[%clk 1:31:26]} 2... d6
{[%clk 1:31:12]} 3. f4 {[%clk 1:31:53]} 3... Nc6 {[%clk 1:30:08]} 4. Bb5 {
[%clk 1:32:19]} 4... Bd7 {[%clk 1:29:03]} 5. Nf3 {[%clk 1:32:43]} 5... Nf6 {
[%clk 1:28:03]} 6. d3 {[%clk 1:33:01]} 6... e6 {[%clk 1:27:30]} 7. O-O { [%clk
1:33:20]} 7... a6 {[%clk 1:24:57]} 8. Bxc6 {[%clk 1:33:45]} 8... Bxc6 { [%clk
1:25:18]} 9. Bd2 {[%clk 1:32:12]} 9... Be7 {[%clk 1:24:11]} 10. Qe1 { [%clk
1:30:10]} 10... O-O {[%clk 1:22:58]} 11. f5 {[%clk 1:29:18]} 11... b5 { [%clk
1:13:31]} 12. e5 {[%clk 1:20:00]} 12... dxe5 {[%clk 1:05:04]} 13. Nxe5 { [%clk
1:15:15]} 13... Bb7 {[%clk 0:58:39]} 14. Kh1 {[%clk 1:05:00]} 14... b4 { [%clk
0:48:55]} 15. Ne2 {[%clk 0:59:06]} 15... Nh5 {[%clk 0:41:14]} 16. Nf4 { [%clk
0:55:08]} 16... Nxf4 {[%clk 0:41:19]} 17. Rxf4 {[%clk 0:55:14]} 17... Qd5
{[%clk 0:41:07]} 18. Nf3 {[%clk 0:51:59]} 18... Bd6 {[%clk 0:41:01]} 19. Rh4 {
[%clk 0:45:59]} 19... Qxf5 {[%clk 0:41:04]} 20. Rh3 {[%clk 0:42:32]} 20... Bxf3
{[%clk 0:39:32]} 21. Rxf3 {[%clk 0:42:38]} 21... Qe5 {[%clk 0:39:53]} 22. Bf4 {
[%clk 0:40:13]} 22... Qxe1+ {[%clk 0:40:14]} 23. Rxe1 {[%clk 0:40:35]} 23...
Bxf4 {[%clk 0:40:38]} 24. Rxf4 {[%clk 0:41:01]} 24... Rfd8 {[%clk 0:40:31]} 25.
Rc4 {[%clk 0:38:09]} 25... Rd5 {[%clk 0:40:43]} 26. Kg1 {[%clk 0:33:41]} 26...
Rc8 {[%clk 0:39:55]} 27. Ree4 {[%clk 0:33:25]} 27... e5 {[%clk 0:38:39]} 28.
Kf2 {[%clk 0:30:29]} 28... f5 {[%clk 0:38:54]} 29. Rh4 {[%clk 0:28:16]} 29...
Rd4 {[%clk 0:39:07]} 30. Rhxd4 {[%clk 0:25:09]} 30... exd4 {[%clk 0:39:27]} 31.
Kf3 {[%clk 0:25:11]} 31... Kf7 {[%clk 0:39:42]} 32. c3 {[%clk 0:21:36]} 32...
dxc3 {[%clk 0:39:17]} 33. bxc3 {[%clk 0:21:57]} 33... bxc3 {[%clk 0:39:11]} 34.
Rxc3 {[%clk 0:22:23]} 34... Ke6 {[%clk 0:37:57]} 35. Kf4 {[%clk 0:21:40]} 35...
h6 {[%clk 0:36:58]} 36. h4 {[%clk 0:10:10]} 36... g6 {[%clk 0:37:02]} 37. Rc4 {
[%clk 0:08:41]} 37... Rc6 {[%clk 0:35:24]} 38. d4 {[%clk 0:07:24]} 38... Kf6 {
[%clk 0:30:37]} 39. Rxc5 {[%clk 0:07:18]} 39... Rxc5 {[%clk 0:30:54]} 40. dxc5
{[%clk 0:07:01]} 40... g5+ {[%clk 0:31:23]} 41. hxg5+ {[%clk 0:04:22]} 41...
hxg5+ {[%clk 0:31:46]} 42. Ke3 {[%clk 0:04:45]} 42... Ke5 {[%clk 0:32:08]} 43.
c6 {[%clk 0:04:59]} 43... Kd6 {[%clk 0:32:33]} 44. Kd4 {[%clk 0:05:23]} 44...
Kxc6 {[%clk 0:32:32]} 45. Ke5 {[%clk 0:05:50]} 45... g4 {[%clk 0:32:49]} 46.
Kxf5 {[%clk 0:05:35]} 46... g3 {[%clk 0:33:14]} 47. Kf4 {[%clk 0:05:58]} 47...
Kb5 {[%clk 0:33:33]} 48. Kxg3 {[%clk 0:06:07]} 48... Kb4 {[%clk 0:34:01]} 49.
Kf4 {[%clk 0:06:29]} 49... Ka3 {[%clk 0:34:30]} 50. g4 {[%clk 0:06:54]} 50...
Kxa2 {[%clk 0:34:58]} 51. g5 {[%clk 0:07:12]} 51... a5 {[%clk 0:35:27]} 52. g6
{[%clk 0:07:35]} 52... a4 {[%clk 0:35:56]} 53. g7 {[%clk 0:08:00]} 53... a3 {
[%clk 0:36:25]} 54. g8=Q+ {[%clk 0:08:15]} 54... Ka1 {[%clk 0:36:47]} 55. Qb8 {
[%clk 0:08:29]} 55... a2 {[%clk 0:37:10]} 56. Qe5+ {[%clk 0:05:13]} 56... Kb1 {
[%clk 0:37:33]} 57. Qe1+ {[%clk 0:05:31]} 57... Kb2 {[%clk 0:37:55]} 58. Qd2+ {
[%clk 0:05:48]} 58... Kb1 {[%clk 0:38:14]} 59. Qb4+ {[%clk 0:05:49]} 59... Ka1
{[%clk 0:38:37]} 60. Qa3 {[%clk 0:04:58]} 60... Kb1 {[%clk 0:39:00]} 61. Qd3+ {
[%clk 0:05:26]} 61... Ka1 {[%clk 0:39:21]} 62. Qf1+ {[%clk 0:04:17]} 62... Kb2
{[%clk 0:39:43]} 63. Qg2+ {[%clk 0:04:41]} 63... Ka1 {[%clk 0:40:06]} 64. Ke3 {
[%clk 0:04:47]} 64... Kb1 {[%clk 0:40:13]} 65. Kd3 {[%clk 0:05:04]} 65... a1=N
{[%clk 0:39:52]} 1-0

[Event "DVM U14 2020"]
[Site "Willingen GER"]
[Date "2021.06.27"]
[Round "7"]
[White "Schmidt, Boris"]
[Black "Deiters, Clemens"]
[Result "1-0"]
[Termination "normal"]
[Board "7.4"]
[WhiteElo "1536"]
[BlackElo "1361"]
[WhiteClock "00:55:34"]
[BlackClock "00:27:35"]
[WhiteTeam "Düsseldorfer Schachverein 1854"]
[BlackTeam "Schachklub König Plauen"]
[PlyCount "93"]
[WhiteFideId "16238036"]
[BlackFideId "16240243"]
[EventCountry "GER"]
[EventRounds "7"]
[EventType "team-swiss"]
[EventDate "2021.06.23"]

1. e4 {[%clk 1:30:51]} 1... c5 {[%clk 1:30:53]} 2. Nf3 {[%clk 1:31:15]} 2... e6
{[%clk 1:31:15]} 3. d4 {[%clk 1:31:42]} 3... cxd4 {[%clk 1:31:04]} 4. Nxd4 {
[%clk 1:32:09]} 4... Nc6 {[%clk 1:31:01]} 5. Nc3 {[%clk 1:32:34]} 5... a6 {
[%clk 1:30:39]} 6. Be3 {[%clk 1:33:00]} 6... Qc7 {[%clk 1:29:47]} 7. Qd2 {
[%clk 1:33:26]} 7... b5 {[%clk 1:27:58]} 8. O-O-O {[%clk 1:32:09]} 8... Bb7 {
[%clk 1:24:26]} 9. f3 {[%clk 1:30:58]} 9... Rc8 {[%clk 1:19:43]} 10. Nxc6 {
[%clk 1:28:53]} 10... dxc6 {[%clk 1:11:59]} 11. Bf4 {[%clk 1:25:21]} 11... Qe7
{[%clk 1:03:17]} 12. Qf2 {[%clk 1:18:46]} 12... e5 {[%clk 0:49:41]} 13. Be3 {
[%clk 1:15:21]} 13... Nf6 {[%clk 0:48:50]} 14. g4 {[%clk 1:11:33]} 14... Rd8 {
[%clk 0:29:30]} 15. Be2 {[%clk 1:03:27]} 15... Nd7 {[%clk 0:23:16]} 16. f4 {
[%clk 1:00:00]} 16... f6 {[%clk 0:21:14]} 17. g5 {[%clk 0:54:49]} 17... Rg8 {
[%clk 0:16:00]} 18. Bb6 {[%clk 0:50:49]} 18... Nxb6 {[%clk 0:14:13]} 19. Qxb6 {
[%clk 0:50:50]} 19... Rd4 {[%clk 0:09:15]} 20. Rxd4 {[%clk 0:41:48]} 20... exd4
{[%clk 0:09:17]} 21. Qxd4 {[%clk 0:41:50]} 21... fxg5 {[%clk 0:07:26]} 22. Rd1
{[%clk 0:41:01]} 22... c5 {[%clk 0:02:43]} 23. Qe3 {[%clk 0:37:53]} 23... Bc6 {
[%clk 0:02:14]} 24. fxg5 {[%clk 0:37:27]} 24... g6 {[%clk 0:02:09]} 25. Nd5 {
[%clk 0:37:19]} 25... Bxd5 {[%clk 0:02:03]} 26. Rxd5 {[%clk 0:37:38]} 26... Qd7
{[%clk 0:01:07]} 27. Rxd7 {[%clk 0:36:01]} 27... Kxd7 {[%clk 0:01:30]} 28. Qh3+
{[%clk 0:35:48]} 28... Kd6 {[%clk 0:01:29]} 29. Qxh7 {[%clk 0:35:51]} 29... Rg7
{[%clk 0:01:44]} 30. Qh3 {[%clk 0:35:28]} 30... Re7 {[%clk 0:01:52]} 31. Qd3+ {
[%clk 0:34:38]} 31... Kc7 {[%clk 0:01:55]} 32. Qd5 {[%clk 0:34:26]} 32... Rd7 {
[%clk 0:01:55]} 33. Qe6 {[%clk 0:31:18]} 33... Bd6 {[%clk 0:01:51]} 34. e5 {
[%clk 0:31:38]} 34... Be7 {[%clk 0:02:00]} 35. Qxg6 {[%clk 0:31:41]} 35... Rd5
{[%clk 0:01:24]} 36. Qf5 {[%clk 0:31:32]} 36... a5 {[%clk 0:01:22]} 37. g6 {
[%clk 0:31:30]} 37... Rd8 {[%clk 0:01:33]} 38. c3 {[%clk 0:31:22]} 38... Bf8 {
[%clk 0:01:48]} 39. Qf7+ {[%clk 0:31:38]} 39... Kc6 {[%clk 0:01:37]} 40. g7 {
[%clk 0:31:31]} 40... Bxg7 {[%clk 0:01:08]} 41. Qxg7 {[%clk 0:31:33]} 41... Rd7
{[%clk 0:01:20]} 42. Qf6+ {[%clk 0:31:36]} 42... Kc7 {[%clk 0:01:08]} 43. e6 {
[%clk 0:31:46]} 43... Rd6 {[%clk 0:00:57]} 44. Qe5 {[%clk 0:31:52]} 44... Kc6 {
[%clk 0:00:34]} 45. e7 {[%clk 0:32:12]} 45... b4 {[%clk 0:27:47]} 46. Qxd6+ {
[%clk 0:55:13]} 46... Kxd6 {[%clk 0:27:35]} 47. e8=Q {[%clk 0:55:34]  Kc6} 1-0

[Event "DVM U14 2020"]
[Site "Willingen GER"]
[Date "2021.06.27"]
[Round "7"]
[White "Yin, Haode"]
[Black "Bungarten, Jona"]
[Result "1/2-1/2"]
[Termination "normal"]
[Board "8.1"]
[WhiteElo "1759"]
[BlackElo "1843"]
[WhiteClock "00:21:38"]
[BlackClock "00:46:34"]
[WhiteTeam "SchachAkademiePaderborn e. V."]
[BlackTeam "Schachfreunde Brackel 1930 e. V."]
[PlyCount "65"]
[WhiteFideId "16261348"]
[BlackFideId "16223608"]
[EventCountry "GER"]
[EventRounds "7"]
[EventType "team-swiss"]
[EventDate "2021.06.23"]

1. d4 {[%clk 1:30:57]} 1... d5 {[%clk 1:30:54]} 2. c4 {[%clk 1:31:18]} 2... e6
{[%clk 1:31:18]} 3. Nc3 {[%clk 1:31:32]} 3... c5 {[%clk 1:31:39]} 4. cxd5 {
[%clk 1:31:45]} 4... cxd4 {[%clk 1:32:01]} 5. Qa4+ {[%clk 1:31:38]} 5... Bd7 {
[%clk 1:32:23]} 6. Qxd4 {[%clk 1:31:57]} 6... exd5 {[%clk 1:32:45]} 7. Qxd5 {
[%clk 1:30:49]} 7... Nc6 {[%clk 1:32:50]} 8. a3 {[%clk 1:26:13]} 8... Nf6 {
[%clk 1:32:29]} 9. Qd2 {[%clk 1:22:34]} 9... Bc5 {[%clk 1:31:17]} 10. e3 {
[%clk 1:21:39]} 10... Qe7 {[%clk 1:30:57]} 11. b4 {[%clk 1:09:23]} 11... Bb6 {
[%clk 1:30:54]} 12. Be2 {[%clk 1:08:22]} 12... O-O {[%clk 1:30:38]} 13. Nf3 {
[%clk 1:07:15]} 13... Rfd8 {[%clk 1:30:32]} 14. Qc2 {[%clk 1:05:51]} 14... Rac8
{[%clk 1:29:17]} 15. O-O {[%clk 0:59:07]} 15... a5 {[%clk 1:25:14]} 16. b5 {
[%clk 0:54:21]} 16... Ne5 {[%clk 1:22:25]} 17. Bb2 {[%clk 0:49:48]} 17... Nxf3+
{[%clk 1:21:46]} 18. Bxf3 {[%clk 0:45:31]} 18... Bxb5 {[%clk 1:18:15]} 19. Rfd1
{[%clk 0:44:59]} 19... Rxd1+ {[%clk 1:15:25]} 20. Rxd1 {[%clk 0:44:33]} 20...
Bc6 {[%clk 1:15:33]} 21. Qf5 {[%clk 0:40:03]} 21... Rd8 {[%clk 1:07:54]} 22.
Bxc6 {[%clk 0:36:20]} 22... Rxd1+ {[%clk 1:06:51]} 23. Nxd1 {[%clk 0:36:31]}
23... bxc6 {[%clk 1:07:05]} 24. Qc8+ {[%clk 0:30:36]} 24... Qd8 {[%clk 1:06:09]
} 25. Qxd8+ {[%clk 0:31:00]} 25... Bxd8 {[%clk 1:06:33]} 26. Bxf6 { [%clk
0:28:35]} 26... Bxf6 {[%clk 1:06:33]} 27. Kf1 {[%clk 0:28:49]} 27... Kf8 {[%clk
1:04:10]} 28. Ke2 {[%clk 0:27:56]} 28... Ke7 {[%clk 1:04:12]} 29. Kd3 { [%clk
0:27:26]} 29... Kd6 {[%clk 1:04:22]} 30. Kc4 {[%clk 0:26:38]} 30... Be5 { [%clk
0:52:52]} 31. h3 {[%clk 0:23:13]} 31... f5 {[%clk 0:52:17]} 32. a4 { [%clk
0:21:38]} 32... Bf6 {[%clk 0:46:34]} 33. f3 1/2-1/2

[Event "DVM U14 2020"]
[Site "Willingen GER"]
[Date "2021.06.27"]
[Round "7"]
[White "Tomasjan, Samuel"]
[Black "Rohm, Linus"]
[Result "1/2-1/2"]
[Termination "normal"]
[Board "8.2"]
[WhiteElo "1775"]
[BlackElo "1581"]
[WhiteClock "00:04:08"]
[BlackClock "00:42:55"]
[WhiteTeam "Schachfreunde Brackel 1930 e. V."]
[BlackTeam "SchachAkademiePaderborn e. V."]
[PlyCount "56"]
[WhiteFideId "16235584"]
[BlackFideId "16298217"]
[EventCountry "GER"]
[EventRounds "7"]
[EventType "team-swiss"]
[EventDate "2021.06.23"]

1. e4 {[%clk 1:30:59]} 1... e6 {[%clk 1:30:54]} 2. d4 {[%clk 1:31:17]} 2... d5
{[%clk 1:31:15]} 3. exd5 {[%clk 1:31:38]} 3... exd5 {[%clk 1:31:37]} 4. c4 {
[%clk 1:32:04]} 4... Nf6 {[%clk 1:31:31]} 5. Nc3 {[%clk 1:32:08]} 5... c6 {
[%clk 1:30:37]} 6. Nf3 {[%clk 1:30:42]} 6... Bb4 {[%clk 1:29:58]} 7. Qb3 {
[%clk 1:28:55]} 7... Qe7+ {[%clk 1:27:45]} 8. Be2 {[%clk 1:19:58]} 8... O-O {
[%clk 1:25:29]} 9. Bg5 {[%clk 1:04:31]} 9... Re8 {[%clk 1:24:04]} 10. Qc2 {
[%clk 0:50:34]} 10... Bg4 {[%clk 1:19:47]} 11. cxd5 {[%clk 0:41:05]} 11... Bxf3
{[%clk 1:16:36]} 12. gxf3 {[%clk 0:40:47]} 12... cxd5 {[%clk 1:16:47]} 13. Rg1
{[%clk 0:38:11]} 13... Nc6 {[%clk 1:14:28]} 14. Be3 {[%clk 0:25:59]} 14... Rac8
{[%clk 1:13:15]} 15. Rc1 {[%clk 0:23:52]} 15... Qe6 {[%clk 1:10:07]} 16. Qd2 {
[%clk 0:20:25]} 16... Na5 {[%clk 1:06:01]} 17. Qc2 {[%clk 0:13:19]} 17... Nc4 {
[%clk 1:03:32]} 18. Bxc4 {[%clk 0:12:29]} 18... Rxc4 {[%clk 1:03:41]} 19. Qd3 {
[%clk 0:12:07]} 19... Qa6 {[%clk 1:01:17]} 20. Qd2 {[%clk 0:08:47]} 20... Qa5 {
[%clk 0:57:51]} 21. Kf1 {[%clk 0:06:49]} 21... g6 {[%clk 0:56:55]} 22. a3 {
[%clk 0:05:22]} 22... Bxc3 {[%clk 0:52:19]} 23. Rxc3 {[%clk 0:05:28]} 23... Qa6
{[%clk 0:50:03]} 24. Kg2 {[%clk 0:05:32]} 24... b5 {[%clk 0:48:19]} 25. Rgc1 {
[%clk 0:05:36]} 25... Rec8 {[%clk 0:46:52]} 26. Rxc4 {[%clk 0:04:18]} 26...
Rxc4 {[%clk 0:43:21]} 27. Rxc4 {[%clk 0:03:47]} 27... bxc4 {[%clk 0:43:13]} 28.
Qb4 {[%clk 0:04:08]} 28... Qb6 {[%clk 0:42:55]} 1/2-1/2